[Event "Europa ch s-14"]
[Site "Herceg Novi MNT"]
[Date "2008.09.17"]
[Round "3.1"]
[White "Kotainy, Jens"]
[Black "Kovalev, Vladislav"]
[Result "0-1"]
[WhiteElo "2112"]
[BlackElo "2315"]
[PlyCount "56"]
[EventDate "2008.09.15"]
[EventType "swiss"]
[EventRounds "9"]
[Source "lmi"]
[SourceDate "2008.09.15"]

1. e4 c5 2. c3 Nf6 3. e5 Nd5 4. d4 cxd4 5. Nf3 Nc6 6. Bc4 Nb6 7. Bb3 d6 8. exd6
Qxd6 9. cxd4 Be6 10. O-O Bxb3 11. Qxb3 e6 12. Nc3 Be7 13. Nb5 Qd8 14. Bf4 Rc8
15. Rac1 O-O 16. Rfe1 Nd5 17. Bd2 Qb6 18. Qa4 a6 19. Nc3 Rfd8 20. Nxd5 Rxd5 21.
Bc3 Rcd8 22. Re4 Bf6 23. Rd1 h6 24. Qc4 e5 25. Rde1 exd4 26. Bd2 Qb5 27. Qc1
Kh7 28. b3 d3 0-1

[Event "Europa ch s-14"]
[Site "Herceg Novi MNT"]
[Date "2008.09.17"]
[Round "3.2"]
[White "Wieczorek, Oskar"]
[Black "Grigoryan, Karen H"]
[Result "0-1"]
[WhiteElo "2232"]
[BlackElo "2097"]
[PlyCount "110"]
[EventDate "2008.09.15"]
[EventType "swiss"]
[EventRounds "9"]
[Source "lmi"]
[SourceDate "2008.09.15"]

1. e4 d5 2. exd5 Nf6 3. d4 Bg4 4. f3 Bf5 5. c4 e6 6. dxe6 Nc6 7. Be3 Nb4 8. Na3
fxe6 9. g4 Bg6 10. Nh3 Qd7 11. Nf4 O-O-O 12. Nxg6 hxg6 13. Qd2 Qa4 14. Qf2 Be7
15. g5 Nh7 16. f4 Qa5 17. O-O-O Nxa2+ 18. Kb1 Bxa3 19. Kxa2 Bd6+ 20. Kb1 Nf8
21. h4 Bb4 22. Bd3 Qa6 23. Qc2 Kb8 24. Qb3 Qb6 25. Be4 a5 26. Qc2 Qa6 27. Bd3
Qc6 28. Be4 Qa6 29. Bd3 Qc6 30. Be4 Qa6 31. b3 Rg8 32. Kb2 Nd7 33. Ra1 c5 34.
Bxg6 cxd4 35. Bxd4 e5 36. fxe5 Nf8 37. Bf7 Rxd4 38. Bxg8 Rd2 39. Qxd2 Bxd2 40.
Rad1 Bb4 41. h5 Qb6 42. Rh2 Qe3 43. Ka2 Qxg5 44. Rd5 Qc1 45. Rd3 Bc3 46. Rxc3
Qxc3 47. Rf2 Qb4 48. Bd5 a4 49. Rf3 b6 50. e6 axb3+ 51. Rxb3 Qa5+ 52. Kb2 Nxe6
53. Bxe6 Qe5+ 54. Ka3 Qa1+ 55. Kb4 Qa5# 0-1

[Event "Europa ch s-14"]
[Site "Herceg Novi MNT"]
[Date "2008.09.17"]
[Round "3.3"]
[White "Sochacki, Christophe"]
[Black "Doros, Radu Marian"]
[Result "1/2-1/2"]
[WhiteElo "2221"]
[BlackElo "2051"]
[PlyCount "79"]
[EventDate "2008.09.15"]
[EventType "swiss"]
[EventRounds "9"]
[Source "lmi"]
[SourceDate "2008.09.15"]

1. e4 c5 2. Nf3 e6 3. d4 cxd4 4. Nxd4 Nf6 5. Nc3 d6 6. Bd3 Nc6 7. Nxc6 bxc6 8.
O-O Be7 9. f4 O-O 10. g4 e5 11. f5 Nd7 12. Rf3 Bg5 13. Bf1 Bxc1 14. Qxc1 h6 15.
Qd2 d5 16. Bg2 d4 17. Ne2 Qg5 18. Qe1 Ba6 19. Ng3 Qd8 20. Kh1 Nf6 21. Nh5 Nxh5
22. gxh5 f6 23. Qd2 Kh7 24. Rg3 Qe7 25. Rg1 Rg8 26. Qa5 Be2 27. Qd2 Bb5 28. Bf3
c5 29. a4 Bxa4 30. Rg4 Bb5 31. Be2 Qb7 32. Bxb5 Qxb5 33. Qg2 Qb7 34. b3 a5 35.
Rg6 c4 36. bxc4 a4 37. Rg3 a3 38. Rb3 Qf7 39. Qg6+ Qxg6 40. hxg6+ 1/2-1/2

[Event "Europa ch s-14"]
[Site "Herceg Novi MNT"]
[Date "2008.09.17"]
[Round "3.4"]
[White "Feher, Adam"]
[Black "Schreiner, Till"]
[Result "1-0"]
[WhiteElo "2160"]
[BlackElo "2041"]
[PlyCount "41"]
[EventDate "2008.09.15"]
[EventType "swiss"]
[EventRounds "9"]
[Source "lmi"]
[SourceDate "2008.09.15"]

1. e4 c5 2. Nf3 d6 3. d4 cxd4 4. Nxd4 Nf6 5. Nc3 a6 6. Bg5 e6 7. f4 Nbd7 8. Qf3
Qc7 9. O-O-O b5 10. Bd3 Bb7 11. Rhe1 O-O-O 12. Qe2 Be7 13. Nb3 h6 14. Bh4 g5
15. fxg5 hxg5 16. Bxg5 Rxh2 17. Bf4 Rhh8 18. Bxb5 axb5 19. Nxb5 Qb6 20. Rxd6
Bc6 21. Rxc6+ 1-0

[Event "Europa ch s-14"]
[Site "Herceg Novi MNT"]
[Date "2008.09.17"]
[Round "3.6"]
[White "Srbis, Jurica"]
[Black "Seegert, Kristian"]
[Result "1/2-1/2"]
[WhiteElo "2116"]
[BlackElo "2024"]
[PlyCount "77"]
[EventDate "2008.09.15"]
[EventType "swiss"]
[EventRounds "9"]
[Source "lmi"]
[SourceDate "2008.09.15"]

1. e4 c5 2. Nf3 d6 3. d4 cxd4 4. Nxd4 Nf6 5. Nc3 g6 6. Be3 Bg7 7. f3 O-O 8. Qd2
Nc6 9. Bc4 Bd7 10. Bb3 Rb8 11. Nxc6 bxc6 12. Bxa7 Rb7 13. Be3 Be6 14. O-O c5
15. e5 Ne8 16. Bxc5 Qc7 17. Be3 Bxe5 18. Bd4 Bg7 19. Kh1 Bc4 20. Bxg7 Nxg7 21.
Rfe1 Nf5 22. Rad1 e6 23. Qf4 Bxb3 24. axb3 Qc5 25. Re2 d5 26. Qe5 Rc8 27. g4
Ne7 28. Red2 Nc6 29. Qg5 Qf8 30. Qf6 Qc5 31. Ne2 Qe3 32. Ng3 Ne5 33. Kg2 Nd7
34. Qe7 Rbc7 35. c3 Nc5 36. Qf6 Nxb3 37. Re2 Qc5 38. h4 Qf8 39. h5 1/2-1/2

[Event "Europa ch s-14"]
[Site "Herceg Novi MNT"]
[Date "2008.09.17"]
[Round "3.7"]
[White "Eranyan, Khachatur"]
[Black "Bukavshin, Ivan"]
[Result "0-1"]
[WhiteElo "1963"]
[BlackElo "2350"]
[PlyCount "96"]
[EventDate "2008.09.15"]
[EventType "swiss"]
[EventRounds "9"]
[Source "lmi"]
[SourceDate "2008.09.15"]

1. d4 Nf6 2. c4 e6 3. Nf3 d5 4. Nc3 c6 5. Bg5 h6 6. Bxf6 Qxf6 7. e3 Nd7 8. a3
a5 9. Bd3 g6 10. e4 dxe4 11. Nxe4 Qf4 12. g3 Qc7 13. c5 Be7 14. h4 f5 15. Nc3
e5 16. dxe5 Nxe5 17. O-O O-O 18. Nxe5 Qxe5 19. Re1 Qf6 20. Ne2 Bxc5 21. Qc1 Bd6
22. Qxh6 Be6 23. Nd4 Bd5 24. Ne6 Rfe8 25. Bxf5 Rxe6 26. Bxe6+ Bxe6 27. h5 Rf8
28. Qxg6+ Qxg6 29. hxg6 Bd5 30. Rad1 Bc5 31. Rd2 Kg7 32. Re5 Kxg6 33. Rexd5
cxd5 34. Rxd5 b6 35. Rd2 Rf3 36. Kg2 Rb3 37. Kf1 Be7 38. Ke1 Bf6 39. Kd1 Bxb2
40. Kc2 a4 41. Rd6+ Kf7 42. Rd7+ Ke6 43. Ra7 b5 44. g4 Bxa3 45. f4 Rg3 46. Ra5
Rxg4 47. f5+ Kxf5 48. Rxb5+ Ke6 0-1

[Event "Europa ch s-14"]
[Site "Herceg Novi MNT"]
[Date "2008.09.17"]
[Round "3.8"]
[White "De Filomeno, Simone"]
[Black "Lagarde, Maxime"]
[Result "1/2-1/2"]
[WhiteElo "2102"]
[BlackElo "2322"]
[PlyCount "49"]
[EventDate "2008.09.15"]
[EventType "swiss"]
[EventRounds "9"]
[Source "lmi"]
[SourceDate "2008.09.15"]

1. e4 c5 2. Nf3 d6 3. d4 cxd4 4. Nxd4 Nf6 5. Nc3 Nc6 6. g3 Bg4 7. f3 Bd7 8. Be3
e6 9. Bg2 Ne5 10. b3 d5 11. O-O Rc8 12. Nde2 dxe4 13. f4 Nf3+ 14. Bxf3 exf3 15.
Rxf3 Bc6 16. Qxd8+ Rxd8 17. Rff1 b6 18. Rad1 Bc5 19. Bxc5 bxc5 20. Rxd8+ Kxd8
21. Nc1 h5 22. Nd3 Ke7 23. Nxc5 h4 24. gxh4 Rxh4 25. Rf2 1/2-1/2

[Event "Europa ch s-14"]
[Site "Herceg Novi MNT"]
[Date "2008.09.17"]
[Round "3.9"]
[White "Fedoseev, Vladimir"]
[Black "Horvat, Dan-Sebastian"]
[Result "1-0"]
[WhiteElo "2321"]
[BlackElo "2096"]
[PlyCount "67"]
[EventDate "2008.09.15"]
[EventType "swiss"]
[EventRounds "9"]
[Source "lmi"]
[SourceDate "2008.09.15"]

1. e4 c5 2. Ne2 Nc6 3. d4 cxd4 4. Nxd4 e6 5. Nc3 Qc7 6. Be3 a6 7. Qd2 Nf6 8. f3
Bb4 9. O-O-O Ne7 10. Nde2 b5 11. Bf4 e5 12. Bg5 Bb7 13. Kb1 Rc8 14. g3 Ba5 15.
Bh3 Bc6 16. Bxf6 gxf6 17. Qh6 b4 18. Qxf6 Ng6 19. Nd5 Bxd5 20. Rxd5 Qxc2+ 21.
Ka1 O-O 22. Bxd7 Rc7 23. Qxa6 Ne7 24. Rdd1 Rd8 25. Rc1 Qd2 26. Ba4 Rdc8 27.
Rcd1 Qe3 28. Qxa5 Qxe2 29. Rd8+ Rxd8 30. Qxc7 Ra8 31. Qxe7 b3 32. Bxb3 Qxf3 33.
Rd1 Qxe4 34. Qxf7+ 1-0

[Event "Europa ch s-14"]
[Site "Herceg Novi MNT"]
[Date "2008.09.17"]
[Round "3.10"]
[White "Dragun, Kamil"]
[Black "Andersen, Mads"]
[Result "1-0"]
[WhiteElo "2240"]
[BlackElo "2092"]
[PlyCount "43"]
[EventDate "2008.09.15"]
[EventType "swiss"]
[EventRounds "9"]
[Source "lmi"]
[SourceDate "2008.09.15"]

1. e4 c5 2. Nf3 d6 3. d4 cxd4 4. Nxd4 Nf6 5. Nc3 a6 6. Bg5 e6 7. f4 Qc7 8. Qf3
Nc6 9. O-O-O Bd7 10. Bxf6 gxf6 11. Be2 b5 12. Nxc6 Qxc6 13. f5 Qc5 14. fxe6
Qg5+ 15. Kb1 fxe6 16. e5 d5 17. exf6 O-O-O 18. Nxd5 exd5 19. Rxd5 Qg8 20. Qc3+
Kb8 21. Qe5+ Ka7 22. Qc7+ 1-0

[Event "Europa ch s-14"]
[Site "Herceg Novi MNT"]
[Date "2008.09.17"]
[Round "3.11"]
[White "Musialkiewicz, Jan"]
[Black "Kezin, Roman"]
[Result "1-0"]
[WhiteElo "2061"]
[BlackElo "2235"]
[PlyCount "45"]
[EventDate "2008.09.15"]
[EventType "swiss"]
[EventRounds "9"]
[Source "lmi"]
[SourceDate "2008.09.15"]

1. e4 c5 2. Nf3 e6 3. d4 cxd4 4. Nxd4 Nc6 5. Nb5 Nf6 6. N1c3 d6 7. Bf4 Ne5 8.
Qd4 a6 9. Rd1 axb5 10. Bxe5 b4 11. Qxb4 d5 12. Qd4 Be7 13. exd5 exd5 14. Bb5+
Bd7 15. Bxf6 Bxf6 16. Qe3+ Qe7 17. Bxd7+ Kxd7 18. Qxe7+ Bxe7 19. Nxd5 Ra6 20.
O-O Bd6 21. a3 Rc8 22. Rd2 Rc5 23. b4 1-0

[Event "Europa ch s-14"]
[Site "Herceg Novi MNT"]
[Date "2008.09.17"]
[Round "3.12"]
[White "Gabuzyan, Hovhannes"]
[Black "Moiseenko, Vadim"]
[Result "1/2-1/2"]
[WhiteElo "2079"]
[BlackElo "2225"]
[PlyCount "51"]
[EventDate "2008.09.15"]
[EventType "swiss"]
[EventRounds "9"]
[Source "lmi"]
[SourceDate "2008.09.15"]

1. Nf3 g6 2. g3 Bg7 3. Bg2 d5 4. O-O Nf6 5. d3 c5 6. Nbd2 O-O 7. e4 dxe4 8.
Nxe4 Nxe4 9. dxe4 Nc6 10. c3 b6 11. Qc2 a5 12. Be3 a4 13. b4 axb3 14. axb3 Rxa1
15. Rxa1 Qc7 16. Bf4 Qb7 17. e5 Rd8 18. Qe2 Qd7 19. Ra8 h6 20. h4 Kh7 21. Nd2
Bb7 22. e6 Qxe6 23. Qxe6 fxe6 24. Rxd8 Nxd8 25. Bxb7 Nxb7 26. c4 1/2-1/2

[Event "Europa ch s-14"]
[Site "Herceg Novi MNT"]
[Date "2008.09.17"]
[Round "3.13"]
[White "Emiroglu, Cankut"]
[Black "Bajarani, Ulvi"]
[Result "0-1"]
[WhiteElo "2028"]
[BlackElo "2202"]
[PlyCount "56"]
[EventDate "2008.09.15"]
[EventType "swiss"]
[EventRounds "9"]
[Source "lmi"]
[SourceDate "2008.09.15"]

1. e4 e6 2. d4 d5 3. Nd2 Nf6 4. e5 Nfd7 5. Bd3 c5 6. c3 Nc6 7. Ne2 cxd4 8. cxd4
f6 9. exf6 Nxf6 10. Nf3 Bd6 11. O-O Qc7 12. Nc3 a6 13. Bg5 O-O 14. Re1 Ng4 15.
h3 Bh2+ 16. Kf1 Nxf2 17. Kxf2 Qg3+ 18. Ke3 Rxf3+ 19. Qxf3 Qxg5+ 20. Kf2 Bd7 21.
Ne2 g6 22. h4 Qxh4+ 23. g3 Qg5 24. Qh1 Rf8+ 25. Kg2 Qe3 26. Nf4 Qxg3+ 27. Kf1
Rxf4+ 28. Ke2 Rf2+ 0-1

[Event "Europa ch s-14"]
[Site "Herceg Novi MNT"]
[Date "2008.09.17"]
[Round "3.14"]
[White "Mokhov, Vladimir"]
[Black "Kraus, Tomas"]
[Result "1/2-1/2"]
[WhiteElo "2201"]
[BlackElo "2024"]
[PlyCount "108"]
[EventDate "2008.09.15"]
[EventType "swiss"]
[EventRounds "9"]
[Source "lmi"]
[SourceDate "2008.09.15"]

1. e4 c5 2. Nf3 d6 3. d4 cxd4 4. Nxd4 Nf6 5. Nc3 a6 6. g3 b6 7. Bg2 Bb7 8. O-O
e6 9. Re1 Nbd7 10. Bg5 Qc7 11. Nd5 exd5 12. exd5+ Kd8 13. Qe2 Kc8 14. Bh3 Kb8
15. c4 Ka7 16. Nc6+ Bxc6 17. dxc6 Ne5 18. Bxf6 gxf6 19. Bg2 Rc8 20. b4 Nxc6 21.
b5 Ne5 22. f4 Nd7 23. Rac1 a5 24. Bd5 Nc5 25. Rc3 f5 26. Re3 Ne6 27. Qh5 Nd4
28. Re8 Rxe8 29. Rxe8 Bg7 30. Rxh8 Bxh8 31. Qxh7 Bf6 32. Qg8 Bd8 33. h4 Qe7 34.
Kg2 Qe2+ 35. Kh3 Qg4+ 36. Qxg4 fxg4+ 37. Kxg4 f5+ 38. Kh5 Ne2 39. Kg6 Nxg3 40.
h5 Ne4 41. h6 Nf6 42. h7 Nxh7 43. Kxh7 Kb8 44. Kg6 Kc7 45. Kxf5 Kd7 46. Kg6 Ke8
47. Kg7 Bh4 48. Kg6 Ke7 49. Kf5 Bf2 50. Bf3 Bc5 51. Ke4 Kf6 52. Bg4 Bb4 53. Kd5
Bc5 54. Bh3 Bb4 1/2-1/2

[Event "Europa ch s-14"]
[Site "Herceg Novi MNT"]
[Date "2008.09.17"]
[Round "3.15"]
[White "Skoulakis, Charalambos"]
[Black "Juhasz, Kristof"]
[Result "0-1"]
[WhiteElo "2050"]
[BlackElo "2175"]
[PlyCount "104"]
[EventDate "2008.09.15"]
[EventType "swiss"]
[EventRounds "9"]
[Source "lmi"]
[SourceDate "2008.09.15"]

1. e4 e6 2. d4 d5 3. Nd2 c5 4. exd5 Qxd5 5. Ngf3 cxd4 6. Bc4 Qd6 7. Nb3 Nc6 8.
Nbxd4 Qb4+ 9. Nd2 Nxd4 10. c3 Qb6 11. cxd4 Qxd4 12. O-O Nf6 13. Qb3 Qb6 14.
Qxb6 axb6 15. Nb3 Bd7 16. Be3 b5 17. Be2 Nd5 18. Bd4 f6 19. Nc5 Bxc5 20. Bxc5
Bc6 21. Rfe1 Kf7 22. a3 Rhd8 23. Rad1 b6 24. Bd4 e5 25. Rc1 Rac8 26. Bc3 Nxc3
27. Rxc3 Bd7 28. Rec1 Rxc3 29. Rxc3 Ke7 30. f3 Kd6 31. Rd3+ Kc7 32. Rc3+ Kb7
33. Rd3 Kc7 34. Rc3+ Kd6 35. Rd3+ Ke7 36. Rc3 b4 37. axb4 Rc8 38. Kf2 g6 39.
Ke3 f5 40. Ba6 Ra8 41. Ra3 b5 42. Bb7 Rxa3+ 43. bxa3 Kd6 44. g3 Be6 45. h4 Bd5
46. Bc8 Kc7 47. Ba6 Bc6 48. Kf2 Bd7 49. a4 bxa4 50. Bc4 Kd6 51. Ke3 Be6 52. Kd3
e4+ 0-1

[Event "Europa ch s-14"]
[Site "Herceg Novi MNT"]
[Date "2008.09.17"]
[Round "3.17"]
[White "Hager, Joshua Aarash"]
[Black "Havas, Janko"]
[Result "1/2-1/2"]
[WhiteElo "2128"]
[BlackElo "1930"]
[PlyCount "76"]
[EventDate "2008.09.15"]
[EventType "swiss"]
[EventRounds "9"]
[Source "lmi"]
[SourceDate "2008.09.15"]

1. d4 Nf6 2. c4 g6 3. g3 Bg7 4. Bg2 O-O 5. Nc3 d6 6. h3 Nc6 7. e3 a6 8. Nge2
Rb8 9. b3 Bd7 10. a4 e5 11. O-O Re8 12. d5 Ne7 13. e4 b5 14. axb5 axb5 15. Be3
Nh5 16. c5 f5 17. c6 Nxc6 18. dxc6 Bxc6 19. Ba7 Ra8 20. Qd2 Rf8 21. f3 Nf6 22.
b4 Qc8 23. Bf2 Qb7 24. Qd3 fxe4 25. fxe4 Bh6 26. Be3 Bxe3+ 27. Qxe3 Kg7 28. g4
h6 29. Ng3 Rxa1 30. Rxa1 Nd7 31. Bf1 Rf4 32. Ra7 Qc8 33. Bxb5 Rf3 34. Nge2 Rxh3
35. Qf2 Bxb5 36. Nxb5 Nf6 37. Nbc3 Qxg4+ 38. Qg2 Qd7 1/2-1/2

[Event "Europa ch s-14"]
[Site "Herceg Novi MNT"]
[Date "2008.09.17"]
[Round "3.18"]
[White "Malureanu, Costin George"]
[Black "Baboyan, Eduard"]
[Result "1/2-1/2"]
[WhiteElo "1858"]
[BlackElo "2125"]
[PlyCount "56"]
[EventDate "2008.09.15"]
[EventType "swiss"]
[EventRounds "9"]
[Source "lmi"]
[SourceDate "2008.09.15"]

1. e4 c5 2. Nf3 Nc6 3. d4 cxd4 4. Nxd4 d5 5. Bb5 dxe4 6. Nxc6 Qxd1+ 7. Kxd1 a6
8. Ba4 Bd7 9. Nc3 Bxc6 10. Bxc6+ bxc6 11. Nxe4 O-O-O+ 12. Ke2 e6 13. Be3 Be7
14. Rad1 Nf6 15. Nxf6 Bxf6 16. b3 Be5 17. h3 f5 18. Rxd8+ Rxd8 19. Rd1 Rxd1 20.
Kxd1 Kc7 21. Ke2 Bf6 22. Bc5 e5 23. f3 Kd7 24. Kd3 Be7 25. Be3 h5 26. Bf2 Ke6
27. Ke2 Bb4 28. Be3 Kf6 1/2-1/2

[Event "Europa ch s-14"]
[Site "Herceg Novi MNT"]
[Date "2008.09.17"]
[Round "3.20"]
[White "Lukovic, Vladimir"]
[Black "Mammadov, Zaur Fazahir Oglu"]
[Result "0-1"]
[WhiteElo "1999"]
[BlackElo "2114"]
[PlyCount "82"]
[EventDate "2008.09.15"]
[EventType "swiss"]
[EventRounds "9"]
[Source "lmi"]
[SourceDate "2008.09.15"]

1. e4 c6 2. d4 d5 3. e5 Bf5 4. Bd3 Bxd3 5. Qxd3 e6 6. Ne2 Ne7 7. O-O Nd7 8. Nd2
c5 9. c3 Nc6 10. a3 Be7 11. b4 cxb4 12. cxb4 O-O 13. Bb2 Rc8 14. Rac1 Nb6 15.
Nc3 Qd7 16. Kh1 Nc4 17. Nd1 Rfd8 18. f4 b5 19. Nb3 a5 20. bxa5 N6xa5 21. Nxa5
Nxa5 22. Ne3 Nc4 23. Nxc4 bxc4 24. Qc2 Rb8 25. a4 Rb3 26. Ra1 Bb4 27. Rfb1 Rb8
28. a5 Qa7 29. a6 Rb6 30. Bc1 Bc3 31. Rxb3 Rxb3 32. Ra3 Rxa3 33. Bxa3 Bxd4 34.
Qa4 Qb8 35. Qb4 Qxb4 36. Bxb4 f6 37. g4 fxe5 38. fxe5 Kf7 39. Kg2 Ke8 40. Kf3
Kd7 41. Bd6 Ba7 0-1

[Event "Europa ch s-14"]
[Site "Herceg Novi MNT"]
[Date "2008.09.17"]
[Round "3.21"]
[White "Pop, Alexandru"]
[Black "Danilenko, Dmitriy"]
[Result "0-1"]
[WhiteElo "1966"]
[BlackElo "2209"]
[PlyCount "58"]
[EventDate "2008.09.15"]
[EventType "swiss"]
[EventRounds "9"]
[Source "lmi"]
[SourceDate "2008.09.15"]

1. e4 c5 2. Nf3 d6 3. d4 cxd4 4. Nxd4 Nf6 5. Nc3 g6 6. Be3 Bg7 7. f3 O-O 8. Qd2
Nc6 9. Bc4 Bd7 10. O-O-O Rc8 11. Bb3 Ne5 12. h4 h5 13. Kb1 Re8 14. Bh6 Bh8 15.
g4 Nc4 16. Bxc4 Rxc4 17. Qg5 Rc5 18. Nd5 Nxd5 19. exd5 Bf6 20. Qe3 Rxd5 21. Bg5
Bg7 22. gxh5 Qb6 23. c3 e5 24. Nc2 Qxe3 25. Nxe3 Rxd1+ 26. Rxd1 f6 27. Bxf6
Bxf6 28. Rxd6 Be6 29. hxg6 Bxh4 0-1

[Event "Europa ch s-14"]
[Site "Herceg Novi MNT"]
[Date "2008.09.17"]
[Round "3.22"]
[White "Pardo Simon, David"]
[Black "Admiraal, Miguoel"]
[Result "1-0"]
[WhiteElo "2204"]
[BlackElo "1944"]
[PlyCount "77"]
[EventDate "2008.09.15"]
[EventType "swiss"]
[EventRounds "9"]
[Source "lmi"]
[SourceDate "2008.09.15"]

1. e4 c5 2. Nf3 e6 3. Nc3 Nc6 4. d4 cxd4 5. Nxd4 Qc7 6. Be3 a6 7. Bd3 Nf6 8.
O-O Ne5 9. f4 Neg4 10. Bd2 Bc5 11. Nce2 e5 12. fxe5 Qxe5 13. Bf4 Bxd4+ 14. Kh1
Qc5 15. Nxd4 Qxd4 16. e5 Nxe5 17. Bxe5 Qxe5 18. Re1 d6 19. Rxe5+ dxe5 20. Qe2
O-O 21. Qxe5 Ng4 22. Qf4 f6 23. Re1 Bd7 24. Qd4 Rae8 25. Rf1 Re7 26. h3 Ne5 27.
Qe4 g6 28. Qxb7 f5 29. Re1 Rfe8 30. Rxe5 Rxe5 31. Qxd7 R8e7 32. Qc8+ Kg7 33.
Qxa6 f4 34. Qc6 g5 35. Kg1 R7e6 36. Qc3 Kh6 37. Kf2 Re3 38. Qh8 Re7 39. a4 1-0

[Event "Europa ch s-14"]
[Site "Herceg Novi MNT"]
[Date "2008.09.17"]
[Round "3.23"]
[White "Tilicheev, Viacheslav"]
[Black "Ochsner, Bjorn Moller"]
[Result "0-1"]
[WhiteElo "2189"]
[BlackElo "1963"]
[PlyCount "88"]
[EventDate "2008.09.15"]
[EventType "swiss"]
[EventRounds "9"]
[Source "lmi"]
[SourceDate "2008.09.15"]

1. d4 Nf6 2. c4 g6 3. Nc3 Bg7 4. g3 O-O 5. Bg2 d6 6. Nf3 Nbd7 7. O-O e5 8. h3
Re8 9. e4 exd4 10. Nxd4 a6 11. Be3 Rb8 12. a4 Ne5 13. b3 Bd7 14. g4 h6 15. g5
Nh7 16. f4 Nc6 17. Nd5 Ne7 18. Nc3 c5 19. Nde2 Bc6 20. Qd3 Qa5 21. Rac1 Red8
22. Bd2 Qc7 23. Nd5 Bxd5 24. cxd5 b5 25. a5 b4 26. Qxa6 Ra8 27. Qd3 Qxa5 28. e5
dxe5 29. d6 Rac8 30. fxe5 Bxe5 31. Qc4 Bxd6 32. Ra1 Qc7 33. Rxf7 Kh8 34. Ra7
Bh2+ 35. Kh1 Qxa7 36. Bf4 Bxf4 37. Nxf4 Qa1+ 38. Kh2 Nxg5 39. Rxe7 Qf6 40. h4
Rd4 41. Qc2 Rxf4 42. hxg5 Qxe7 43. Qxg6 Rh4+ 44. Kg3 Qe1+ 0-1

[Event "Europa ch s-14"]
[Site "Herceg Novi MNT"]
[Date "2008.09.17"]
[Round "3.24"]
[White "Golikov, Sergej"]
[Black "Pasiev, Rakhim"]
[Result "0-1"]
[WhiteElo "1962"]
[BlackElo "2178"]
[PlyCount "58"]
[EventDate "2008.09.15"]
[EventType "swiss"]
[EventRounds "9"]
[Source "lmi"]
[SourceDate "2008.09.15"]

1. e4 c5 2. Nc3 Nc6 3. Nf3 d6 4. d4 cxd4 5. Nxd4 Nf6 6. f3 g6 7. Be3 Bg7 8. Qd2
O-O 9. Bc4 Nd7 10. O-O-O Nb6 11. Be2 a5 12. h4 Ne5 13. h5 Nbc4 14. Bxc4 Nxc4
15. Qe2 Nxe3 16. Qxe3 a4 17. hxg6 fxg6 18. Rh2 Be5 19. Rh4 Bg3 20. Rdh1 Bxh4
21. Rxh4 Rf7 22. Qh6 a3 23. b3 Bd7 24. Nd5 Rc8 25. f4 e6 26. f5 exd5 27. fxg6
Rf1+ 28. Kd2 Qa5+ 29. Ke3 Qc3+ 0-1

[Event "Europa ch s-14"]
[Site "Herceg Novi MNT"]
[Date "2008.09.17"]
[Round "3.26"]
[White "Nikologorskiy, Konstantin"]
[Black "Havas, Juraj"]
[Result "1-0"]
[WhiteElo "2174"]
[BlackElo "1926"]
[PlyCount "59"]
[EventDate "2008.09.15"]
[EventType "swiss"]
[EventRounds "9"]
[Source "lmi"]
[SourceDate "2008.09.15"]

1. c4 Nf6 2. Nc3 g6 3. g3 Bg7 4. Bg2 O-O 5. e4 d6 6. Nge2 c5 7. O-O Nc6 8. d3
a6 9. h3 Rb8 10. f4 Bd7 11. Rb1 b5 12. b3 Ne8 13. f5 Ne5 14. g4 e6 15. Qc2 Nc7
16. Be3 Qe7 17. Qd2 Ne8 18. Ng3 a5 19. g5 gxf5 20. exf5 exf5 21. cxb5 Ng6 22.
Nd5 Qd8 23. a4 f4 24. Bxf4 Nxf4 25. Qxf4 f6 26. gxf6 Nxf6 27. Qxd6 Nxd5 28.
Qxd5+ Kh8 29. Rxf8+ Bxf8 30. Nh5 1-0

[Event "Europa ch s-14"]
[Site "Herceg Novi MNT"]
[Date "2008.09.17"]
[Round "3.27"]
[White "Shikhta, Vladislav"]
[Black "Straka, Josef Jr"]
[Result "0-1"]
[WhiteElo "1929"]
[BlackElo "2122"]
[PlyCount "88"]
[EventDate "2008.09.15"]
[EventType "swiss"]
[EventRounds "9"]
[Source "lmi"]
[SourceDate "2008.09.15"]

1. e4 c5 2. Nc3 Nc6 3. g3 g6 4. Bg2 Bg7 5. f4 d6 6. Nf3 e6 7. O-O Nge7 8. d3
O-O 9. Be3 b6 10. d4 d5 11. exd5 Nf5 12. Bf2 Ncxd4 13. Nxd4 Nxd4 14. dxe6 Bxe6
15. a4 Re8 16. Re1 a6 17. a5 b5 18. Ne4 Rc8 19. c3 Nb3 20. Nd6 Nxa1 21. Nxe8
Qxd1 22. Rxd1 Rxe8 23. Rxa1 Bf8 24. Bb7 Bc8 25. Bxc8 Rxc8 26. Rd1 c4 27. Bb6
Bg7 28. Rd8+ Rxd8 29. Bxd8 f5 30. Be7 Kf7 31. Bb4 Ke6 32. Kf2 Kd5 33. Ke3 Bf6
34. Kf3 Bd8 35. Ke3 g5 36. h3 h5 37. fxg5 Bxg5+ 38. Kf3 Bc1 39. h4 Ke6 40. Bf8
Bxb2 41. Bb4 Bc1 42. Bf8 Bd2 43. Bb4 Bh6 44. Bc5 Bg7 0-1

[Event "Europa ch s-14"]
[Site "Herceg Novi MNT"]
[Date "2008.09.17"]
[Round "3.28"]
[White "Hunt, Daniel"]
[Black "Ben Artzi, Ido"]
[Result "0-1"]
[WhiteElo "1920"]
[BlackElo "2101"]
[PlyCount "48"]
[EventDate "2008.09.15"]
[EventType "swiss"]
[EventRounds "9"]
[Source "lmi"]
[SourceDate "2008.09.15"]

1. e4 d6 2. d4 Nf6 3. Nc3 g6 4. f3 Bg7 5. Be3 c6 6. Qd2 O-O 7. O-O-O b5 8. h4
Qa5 9. Kb1 Re8 10. g4 Nbd7 11. h5 Nb6 12. e5 b4 13. exf6 bxc3 14. Qxc3 Qxc3 15.
bxc3 exf6 16. Bd2 Be6 17. hxg6 fxg6 18. Nh3 Bd5 19. Bg2 g5 20. Rhe1 Reb8 21.
Ka1 Nc4 22. Re2 Na3 23. Be1 Rb6 24. Bg3 Rab8 0-1

[Event "Europa ch s-14"]
[Site "Herceg Novi MNT"]
[Date "2008.09.17"]
[Round "3.29"]
[White "Kadric, Denis"]
[Black "Bulatovic, Nikola"]
[Result "1/2-1/2"]
[WhiteElo "1904"]
[BlackElo "2089"]
[PlyCount "80"]
[EventDate "2008.09.15"]
[EventType "swiss"]
[EventRounds "9"]
[Source "lmi"]
[SourceDate "2008.09.15"]

1. e4 c5 2. Nf3 a6 3. c4 Nc6 4. d4 cxd4 5. Nxd4 e5 6. Nc2 Nf6 7. Nc3 Bc5 8. Bd3
d6 9. O-O Bg4 10. Qe1 O-O 11. Ne3 Be6 12. Ned5 Bxd5 13. exd5 Nd4 14. Kh1 Re8
15. f3 Nd7 16. Qg3 f5 17. Bg5 Nf6 18. Qh3 h6 19. Be3 f4 20. Bf2 Rf8 21. Ne4
Nxe4 22. Bxe4 Qc8 23. Qh5 Qe8 24. Bg6 Qd7 25. Bd3 Rf6 26. Bh4 g5 27. Bf2 Qf7
28. Qxf7+ Rxf7 29. Rab1 a5 30. b3 Kg7 31. Kg1 Kf6 32. Rfe1 Rg7 33. Bxd4 Bxd4+
34. Kf1 h5 35. Re4 g4 36. Be2 b6 37. Rd1 Bc5 38. a4 Rh8 39. Rd3 g3 40. h3 h4
1/2-1/2

[Event "Europa ch s-14"]
[Site "Herceg Novi MNT"]
[Date "2008.09.18"]
[Round "4.1"]
[White "Kovalev, Vladislav"]
[Black "Feher, Adam"]
[Result "1-0"]
[WhiteElo "2315"]
[BlackElo "2160"]
[PlyCount "65"]
[EventDate "2008.09.15"]
[EventType "swiss"]
[EventRounds "9"]
[Source "lmi"]
[SourceDate "2008.09.15"]

1. e4 c5 2. Nf3 d6 3. d4 cxd4 4. Nxd4 Nf6 5. Nc3 a6 6. h3 e6 7. g4 Be7 8. Bg2
Qc7 9. O-O Nc6 10. Be3 O-O 11. g5 Nd7 12. f4 Nxd4 13. Bxd4 b5 14. Qh5 b4 15. f5
bxc3 16. f6 Ne5 17. fxe7 Qxe7 18. Bxc3 Rb8 19. Rf2 Bd7 20. Rd1 Bc6 21. b3 Rfd8
22. Rfd2 Ng6 23. Qg4 e5 24. h4 Qc7 25. Bb2 Nf4 26. c4 Ne6 27. Qg3 a5 28. Qc3 a4
29. Kh2 axb3 30. axb3 g6 31. b4 Qb7 32. Rxd6 Rxd6 33. Qxe5 1-0